000 00732nam a22002177a 4500
008 151130b xxu||||| |||| 00| 0 eng d
020 _a9780547147017 (complete ed.)
020 _a9780547147468 (v. 2: from the 1600s)
020 _a9780547147420 (v. 1: to 1789)
020 _a9780547147413 (from the 1400s)
041 0 _aeng
080 _a930.85
245 0 0 _aWestern civilization :
_cMarvin Perry ... [et al.] ; George W. Bock, editorial associate.
250 _a9th ed.
260 _aBoston, MA :
_bHoughton Mifflin Harcourt Pub. Co.,
_cc2009.
300 _axxxi, 903 f. :
_bme il.;
_c24 cm.
650 0 _aHistoria
650 0 _aCivilizimi
700 _aPerry, Marvin.
942 _2udc
_cBK
999 _c1389
_d1389